Liberation theologies in North America and Europe

Uloženo v:
Podrobná bibliografie
Hlavní autor: Anderson, Gerald H.
Další autoři: Stransky, Thomas F.
Médium: Kniha
Jazyk:angličtina
Vydáno: Michigan Eerdmans 1979
Témata:
Tagy: Přidat tag
Žádné tagy, Buďte první, kdo vytvoří štítek k tomuto záznamu!

MARC

LEADER 00000nam a22000005a 4500
003 CL-ChBUA
005 20120815091503.0
008 080612s1979 xxu||||| |||| 000 ||eng
020 |a 0802817092 
040 |a CL-ChBUA  |c CL-ChBUA 
082 0 0 |a 261 
090 |c 23220  |d 23220 
100 1 |a Anderson, Gerald H. 
245 1 0 |a Liberation theologies in North America and Europe 
260 |a Michigan  |b Eerdmans  |c 1979 
300 |a 289 p.  |c 18 cm. 
504 |a Indice 
650 4 |a TEOLOGIA DE LA LIBERACION 
700 1 |a Stransky, Thomas F. 
942 |c LIB 
952 |0 0  |1 0  |4 0  |7 0  |9 56304  |a UNACH  |b UNACH  |c 200  |d 2008-06-12  |i 44.365  |l 2  |m 3  |o 261 / L 695  |p 57390  |r 2018-06-12 00:00:00  |s 2018-05-28  |u 56304  |w 2012-08-08  |y LIB  |k 261 / L 695 
999 |c 23220  |d 23220